The land pirates of India: an account of the Kuravers, a remarkable tribe of hereditary criminals (Record no. 367810)

000 -LEADER
fixed length control field 00403cam a22001217a 4500
008 - FIXED-LENGTH DATA ELEMENTS--GENERAL INFORMATION
fixed length control field 180718b1928 xxu||||| |||| 00| 0 eng d
082 ## - DEWEY DECIMAL CLASSIFICATION NUMBER
Classification number Q8x54 H282
100 ## - MAIN ENTRY--PERSONAL NAME
Personal name Hatch, W.J.
245 ## - TITLE STATEMENT
Title The land pirates of India: an account of the Kuravers, a remarkable tribe of hereditary criminals
Statement of responsibility, etc. by W.J. Hatch
260 ## - PUBLICATION, DISTRIBUTION, ETC.
Place of publication, distribution, etc. London
Name of publisher, distributor, etc. Selley, Serive
Date of publication, distribution, etc. 1928
300 ## - PHYSICAL DESCRIPTION
Extent 272p.
650 ## - SUBJECT ADDED ENTRY--TOPICAL TERM
Topical term or geographic name entry element Criminals - India - Madras
Holdings
Withdrawn status Lost status Damaged status Not for loan Permanent Location Current Location Date acquired Full call number Barcode Date last seen Price effective from Koha item type
        Indian Institute of Public Administration Indian Institute of Public Administration 1994-05-17 Q8x54 H282 18708 2018-07-21 2018-07-21 Book

Powered by Koha